Best Episodes of Seinfeld - Statistics

General Stats
  • This quiz has been taken 100 times
    90 since last reset
  • The average score is 7 of 10
Answer Stats
Season Episode Rating Description Episode % Correct
7 6 9.5 A soup stand owner obsesses about his customers' ordering procedure, but his soup is so good that people line up down the block for it anyway. The Soup Nazi
92%
4 11 9.5 George's mother throws her back out when she falls down after catching George performing a personal act; the gang partakes in a contest of self-denial. The Contest
85%
5 14 9.2 George starts dating a college friend who, thanks to Jerry, thinks George is now a marine biologist. Elaine's electronic organizer injures a person after being launched from a limo by a Russian novelist. Kramer decides to golf on the beach. The Marine Biologist
84%
8 19 9.0 George's new girlfriend keeps including "Yada Yada" in her stories. Jerry is offended by Tim Whatley's Jewish jokes. Elaine tries to help her friends adopt a baby. Kramer and Mickey fight over two women. The Yada Yada
81%
5 22 9.5 George decides to turn his life around by doing the exact opposite of what he would usually do. Elaine is having a lot of bad luck. Jerry keeps breaking even. Kramer gets the coffee table book published. The Opposite
79%
9 6 9.0 George runs over a flock of pigeons. Jerry's girlfriend has a vintage toy collection she won't let him touch. A new co-worker is freaking Elaine out. Kramer rebuilds the set of "The Merv Griffin Show" in his apartment. The Merv Griffin Show
73%
5 21 9.1 The gang visits a friend's new baby in the Hamptons. George's girlfriend goes topless. A doctor's wording puzzles Elaine. George experiences "shrinkage." Kramer makes a controversial dinner. The Hamptons
69%
8 3 9.0 George uses Susan's death to pick up women. Elaine's new friend is Jerry's exact opposite. Jerry's new girlfriend has manly hands. Kramer pretends to work for an upscale firm. The Bizarro Jerry
56%
8 9 9.0 Abstinence allows George to become a genius, but it turns Elaine into an idiot. Jerry gets bumped from career day at his old Jr. High School. Kramer turns his apartment into a smoking lounge and all the smoke disfigures his face. The Abstinence
53%
4 17 9.4 A prank by Elaine leads a newspaper journalist to think that Jerry and George are gay. The Outing
52%
No matching quizzes found
Score Distribution
Percent of People with Each Score
Percentile by Number Answered
Your Score History
You have not taken this quiz since the last reset